[Event "FAI-chT3 1920"]
[Site "Faroe Islands"]
[Date "2019.11.17"]
[Round "4.2"]
[White "Poulsen, Poul"]
[Black "Petersen, Helgi L"]
[Result "1/2-1/2"]
[WhiteElo "1669"]
[BlackElo "1563"]
[PlyCount "77"]
[EventDate "2019.10.13"]
[EventType "team-tourn"]
[EventRounds "11"]
[EventCountry "FAI"]
[SourceTitle "CBM 195 Extra"]
[Source "ChessBase"]
[SourceDate "2020.05.31"]
[SourceVersion "1"]
[SourceVersionDate "2020.05.31"]
[SourceQuality "1"]
[WhiteTeam "Havnin IV"]
[BlackTeam "Runavik II"]
[WhiteTeamCountry "FAI"]
[BlackTeamCountry "FAI"]

1. e4 d5 2. exd5 Qxd5 3. Nc3 Qa5 4. d4 c6 5. Nf3 Nf6 6. Bd2 Qd8 7. Be2 Bf5 8. 0-0 e6 9. Bf4 Bd6 10. Ne5 0-0 11. Bf3 Nd5 12. Bg3 Bxe5 13. Bxe5 Nd7 14. Bd6 Re8 15. Ne4 Bxe4 16. Bxe4 N7f6 17. Bxd5 Qxd6 18. Bf3 Rad8 19. c3 e5 20. dxe5 Qxe5 21. Qc2 Qf4 22. Rad1 Ng4 23. Bxg4 Qxg4 24. Rxd8 Rxd8 25. Re1 g6 26. h3 Qg5 27. Qe4 Rd2 28. Re2 Rxe2 29. Qxe2 Kg7 30. g3 Qf5 31. Kg2 Qd5+ 32. Kh2 Qxa2 33. Qe5+ Kg8 34. Qb8+ Kg7 35. Qxb7 a5 36. Qb6 a4 37. Qd4+ Kg8 38. Qd8+ Kg7 39. Qd4+ 1/2-1/2